Rouault
| Format: | Book |
|---|---|
| Language: | English |
| PhysicalDescription: | 136 s. |
| Published: |
Lausanne
Aux Imprimeries Réunies S. A.,
1959
|
MARC
| LEADER | 00000nam a2200000 a 4500 | ||
|---|---|---|---|
| 001 | vtls009189958 | ||
| 003 | SK-MaSNL | ||
| 005 | 20260223141217.0 | ||
| 008 | 080308 000 0 eng | ||
| 040 | |a SNK |b slo |c SNK |e AACR2 | ||
| 245 | 1 | |a Rouault | |
| 260 | |a Lausanne |b Aux Imprimeries Réunies S. A., |c 1959 | ||
| 300 | |a 136 s. | ||
| 999 | |c 570021 |d 571951 | ||
| 952 | |a SNK |b SNK |y VYP |7 0 |p 17A0572410 |o snkID 66521 |i snkK 3564/76 |8 3 |3 rekatalogizácia |0 0 |1 0 |4 0 |d 2008-03-08 |l 0 |r 2026-02-23 14:12:17 |w 2026-02-23 | ||


